| 000 | 00347nam a22001451a 4500 | ||
|---|---|---|---|
| 082 |
_aS 294.592 1 _bRAM/V |
||
| 100 | _aRamkishore Mishra | ||
| 245 |
_aVaidic kavicharcha/ _cby Ramkishore Mishra |
||
| 260 |
_aMeerut: _bShravan, _c2002. |
||
| 300 | _a255p. | ||
| 650 | _aVedic Literature | ||
| 650 | _aHinduism | ||
| 650 | _aReligion | ||
| 942 | _cBK | ||
| 999 |
_c48707 _d48707 |
||